1745 1729 1855 1831 1033 1292 1232 1105 1606 1154 1847 1275 1231 1808 1744 1126 1789 1845 1365 1052 1869 1929 1252 1664 1176 1823 1999 1945 1139 1940 1834 1372 1920 1266 1892 1684 1663 1863 1645 1773 1345 1845 1695 1575 1542 1718 1580 1999 1307 1785 1582 1960 1079 1159 1348 1547 1529 1038 1181 1058 1127 1099 1867 1206 1362 1373 1459 1187 1155 1263 1279 1197 1202 1031 1849 1106 1866 1682 1303 1908 1879 1609 1614 1877 1143 1273 1951 1230 1707 1536 1351 1530 1849 1951 1100 1818 1138 1317 1223 BCNSPRNW ULIB Ver.6.0+V

เปลี่ยนเป็นภาษาไทย

Change to English
 แสดงรายละเอียดบรรณานุกรม
  กลับหน้าหลัก

Brief Record : Get Marc (ISO 2709) : E-mail record : QR code < ปิดหน้าต่าง
LEADER : 00000nam 2200000uu 4500
001    13399121313
003     ULIB
008    110304s2549||||th 000 0 tha d
060 04 WY152^bศ471ก
100 0  ศิริมา วงศ์แหลมทอง
245 10 การพยาบาลผู้สูงอายุ /^cศิริมา วงศ์แหลมทอง
250    พิมพ์ครั้งที่ 1
260    นครสวรรค์ :^bวิทยาลัยพยาบาลบรมราชชนนี สวรรค์ประชารักษ์ นครสวรรค์,^c2549
300    147 หน้า ;^c26 ซม.
650  7 การพยาบาลผู้สูงอายุ
650  7 ผู้สูงอายุ^xการดูแล
710 2  สถาบันพระบรมราชชนก. ^bวิทยาลัยพยาบาลบรมราชชนนี สวรรค์ประชารักษ์ นครสวรรค์
945    ^p0^l0^i033079
995    ทศพร
999 ^a ใช้งานได้ทุกระบบ
รายการนี้ยังไม่มีแท็ก
คุณยังไม่ได้ล็อกอิน คุณสามารถมีกิจกรรมร่วมกับเว็บไซต์ได้ แต่ต้องล็อกอินก่อน ::
  ล็อกอิน

รายการสื่อสารสนเทศ

ลำดับที่ ประเภท เลขเรียก/บาร์โค้ด สถานที่ สถานะ
1. วิทยาศาสตร์การแพทย์ และสุขภาพ
วิทยาศาสตร์การแพทย์ และสุขภาพ
WY152 ศ471ก ฉ.1 
  Barcode: 033079
ห้องสมุดวิทยาเขตสวรรค์ประชารักษ์
►หนังสือทั่วไป
บนชั้น

รายการใกล้เคียง
    ผู้แต่ง [ศิริมา วงศ์แหลมทอง]

    หัวเรื่อง [การพยาบาลผู้สูงอายุ]
    หัวเรื่อง [ผู้สูงอายุ การดูแล]

BibComment


ยังไม่เคยถูกคอมเมนท์

คอมเมนท์ทรัพยากรรายการนี้
  คอมเมนท์: การพยาบาลผู้สูงอา..


 Copyright 2026. Bcnsprnw @Library